The case of the man who died laughing : (Record no. 51930)
[ view plain ]
| 000 -LEADER | |
|---|---|
| fixed length control field | 01779nam a22003137a 4500 |
| 005 - DATE AND TIME OF LATEST TRANSACTION | |
| control field | 20110427122110.0 |
| 008 - FIXED-LENGTH DATA ELEMENTS--GENERAL INFORMATION | |
| fixed length control field | 110427t xxu||||| |||| 00| 0 eng d |
| 010 ## - LCCN (DPL NO) | |
| LC control number | B-425418-421 |
| 020 ## - INTERNATIONAL STANDARD BOOK NUMBER | |
| International Standard Book Number | 9780091925673 |
| Terms of availability | 499.00 |
| 035 ## - SYSTEM CONTROL NUMBER | |
| System control number | B-425418-421 |
| 037 ## - SOURCE OF ACQUISITION | |
| Source of stock number/acquisition | RBC/VEN |
| 040 ## - CATALOGING SOURCE | |
| Original cataloging agency | dpl |
| Language of cataloging | English |
| 082 ## - DEWEY DECIMAL CLASSIFICATION NUMBER | |
| Classification number | N |
| 100 ## - MAIN ENTRY--PERSONAL NAME | |
| Personal name | Hall, Tarquin. |
| 9 (RLIN) | 27494 |
| 245 ## - TITLE STATEMENT | |
| Title | The case of the man who died laughing : |
| Remainder of title | From the files of Visb Puri, "Most Private Investigation" / |
| Statement of responsibility, etc | by Tarquin Hall. |
| 260 ## - PUBLICATION, DISTRIBUTION, ETC. (IMPRINT) | |
| Place of publication, distribution, etc | London |
| Name of publisher, distributor, etc | Hutchinson |
| Date of publication, distribution, etc | 2010 |
| 270 ## - ADDRESS | |
| Address | Random House, 20 Vauxhall Bridge Road |
| City | New Delhi |
| Postal code | 110001 |
| 300 ## - PHYSICAL DESCRIPTION | |
| Extent | 309 p. |
| Other physical details | |
| Dimensions | 23cm(pbk) |
| 500 ## - GENERAL NOTE | |
| General note | Sequel to: The case of the missing servant. |
| 546 ## - LANGUAGE NOTE | |
| Language note | Includes verses in Hindi. |
| 650 ## - SUBJECT ADDED ENTRY--TOPICAL TERM | |
| Topical term or geographic name as entry element | Private investigators |z India |v Fiction. |
| Geographic subdivision | India. |
| 9 (RLIN) | 27497 |
| 651 ## - SUBJECT ADDED ENTRY--GEOGRAPHIC NAME | |
| Geographic name | India |
| General subdivision | History |
| Chronological subdivision | British occupation, 1765-1947. |
| 9 (RLIN) | 27498 |
| 942 ## - ADDED ENTRY ELEMENTS (KOHA) | |
| Source of classification or shelving scheme | Dewey Decimal Classification |
| Item type | English Books |
| Classification part | N |
| Call number suffix | HAL |
| Withdrawn status | Lost status | Source of classification or shelving scheme | Damaged status | Not for loan | Collection code | Home library | Current library | Date acquired | Source of acquisition | Cost, normal purchase price | Total Checkouts | Total Renewals | Full call number | Barcode | Date last seen | Copy number | Cost, replacement price | Koha item type |
|---|---|---|---|---|---|---|---|---|---|---|---|---|---|---|---|---|---|---|
| Dewey Decimal Classification | Non-fiction | Central Library | Central Library | 04/05/2011 | RBC/22493/23.3.11/76/4.3.11/25.3.11 | 499.00 | 3 | 1 | N HAL | B-425418 | 14/09/2021 | 1 | 499.00 | English Books | ||||
| Dewey Decimal Classification | Non-fiction | Karol Bagh | Karol Bagh | 04/05/2011 | RBC/22493/23.3.11/76/4.3.11/25.3.11 | 499.00 | N HAL | B-425421 | 04/05/2011 | 1 | 499.00 | English Books | ||||||
| Dewey Decimal Classification | Non-fiction | Patel Nagar | Patel Nagar | 04/05/2011 | RBC/22493/23.3.11/76/4.3.11/25.3.11 | 499.00 | N HAL | B-425419 | 04/05/2011 | 1 | 499.00 | English Books | ||||||
| Dewey Decimal Classification | Non-fiction | Sarojini Nagar | Sarojini Nagar | 04/05/2011 | RBC/22493/23.3.11/76/4.3.11/25.3.11 | 499.00 | 3 | 1 | N HAL | B-425420 | 18/07/2019 | 1 | 499.00 | English Books |
